000 00798cam a22002535a 4500
001 17248625
005 20161019114650.0
008 120410t2013 nyua frb 001 0 eng d
020 _a9781461418849
040 _aDLC
_cDLC
_dDLC
_dEG-ScBUE
_beng
082 0 4 _222
_a025.0427
_bHAL
100 1 _aHalpin, Harry.
245 1 0 _aSocial semantics :
_bthe search for meaning on the web /
_cHarry Halpin.
260 _aNew York :
_bSpringer,
_cc.2013.
300 _axvi, 222 p. :
_bill. ;
_c24 cm.
500 _aIndex : p. 219-222.
504 _aBibliography : p. 207-217.
650 7 _2BUEsh
_940950
_aSemantic Web.
650 7 _2BUEsh
_94460
_aNatural language processing (Computer science)
650 0 _2BUEsh
_aSemantic computing.
651 _2BUEsh
653 _bCOMSCI
_cOctober2016
942 _2ddc
999 _c22710
_d22682